Vista normal
Vista MARC
Entrada Materia (personas)
Número de registros utilizados en: 1
001 - CONTROL NUMBER
- control field: 187670
003 - CONTROL NUMBER IDENTIFIER
- control field: Co-BoUCM
005 - DATE AND TIME OF LATEST TRANSACTION
- control field: 20260119143632.0
008 - FIXED-LENGTH DATA ELEMENTS
- fixed length control field: 260119|| aca||aabn | a|a d
040 ## - CATALOGING SOURCE
- Original cataloging agency: Co-BoUCM
- Transcribing agency: Co-BoUCM
100 ## - HEADING--PERSONAL NAME
- Personal name: Kriegel, Robert
670 ## - SOURCE DATA FOUND
- Source citation: Work cat.: (Co-BoUCM)30869: Kriegel, Robert, De las vacas sagradas se hacen las mejores hamburguesas estrategias rompeparadigmas para desarrollar personas y organizaciones dispuestas al cambio, 1996